000 00289nam a2200109Ia 4500
008 230320s9999||||xx |||||||||||||| ||spa||
082 _aR/133.03/S79
100 _aAriel Ltda
245 0 _aDiccionario Steiner Del Ocultismo La Psiquis Y Lo Místico
260 _bAriel Ltda
942 _80
_cLIB
999 _c25722
_d25722